Cartography in the traditional African, American, Arctic, Australian and Pacific Societies The history of cartography : vol. 2. 3

Bibliographic Details
Published in:Cartography in the traditional African, American, Arctic, Australian and Pacific Societies The history of cartography, vol. 2. 3
Main Authors: Woodward, David (ed.), Lewis, G.M. (ed.)
Content type: Book
Published: Chicago [etc.]: University of Chicago Press
1998
Source:MPIPL_cat

MARC

LEADER 00000nam a2200000 u 4500
001 PL0086269
003 PLI01000000000000000083986
005 00000000000000.0
008 ||| u
020 |a 0-226-90728-7 
020 |a 9780226907284 
090 |a 404.21-Car/1.2.3 
100 1 |a Woodward, David  |e [ed.] 
245 0 4 |n vol. 2. 3  |a Cartography in the traditional African, American, Arctic, Australian and Pacific Societies  |a The history of cartography  |c ed. by David Woodward and G. Malcolm Lewis 
260 2 |a Chicago [etc.]  |b University of Chicago Press 
260 |c 1998 
300 |a XXI, 639 p. 
650 4 |a Cartography-Africa-History 
650 4 |a Cartography-America-History 
650 4 |a Cartography-Arctic regions-History 
650 4 |a Cartography-Australia-History 
650 4 |a Cartography-Pacific Area-History 
696 |a Lewis, G. Malcolm 
700 1 |a Lewis, G.M.  |e [ed.] 
773 0 8 |w MPIPL_cat.PL0053652  |i In: 
852 |c 404.21-Car/1.2.3  |m BOOK 
980 2 |a Harley, John B.  |e [ed.] 
981 2 |a Woodward, David  |e [ed.] 
984 2 |c J.B. Harley and David Woodward 
989 |a 99-04